Mastering Disruption: A Practical Guide to Understanding New Age Business Models (Record no. 46484)

MARC details
000 -LEADER
fixed length control field 00482nam a22001697a 4500
005 - DATE AND TIME OF LATEST TRANSACTION
control field 20250825155935.0
008 - FIXED-LENGTH DATA ELEMENTS--GENERAL INFORMATION
fixed length control field 250825b |||||||| |||| 00| 0 eng d
020 ## - INTERNATIONAL STANDARD BOOK NUMBER
International Standard Book Number 9780143474500
041 ## - LANGUAGE CODE
Language code of text/sound track or separate title Eng
082 ## - DEWEY DECIMAL CLASSIFICATION NUMBER
Classification number 658.421 GAN
100 ## - MAIN ENTRY--PERSONAL NAME
Author Ganesh K
245 ## - TITLE STATEMENT
Title Mastering Disruption: A Practical Guide to Understanding New Age Business Models
260 ## - PUBLICATION, DISTRIBUTION, ETC.
Place Haryana
Publisher Penguin Business
Publication Year 2025
300 ## - PHYSICAL DESCRIPTION
Extent 276;. P. 23 cm
650 ## - SUBJECT ADDED ENTRY--TOPICAL TERM
Subject Entrepreneurship; New Business
942 ## - ADDED ENTRY ELEMENTS (KOHA)
Koha item type Books
Holdings
Withdrawn status Lost status Source of classification or shelving scheme Damaged status Not for loan Home library Current library Shelving location Accession Date Vendor Price Bill number Total Checkouts Full call number Barcode No Date due Date last seen Date last checked out Bill Date Koha item type Suggested By
    Dewey Decimal Classification     IMTN IMTN Rack 32-A 08/25/2025 Amazon.in 205.00 BOM5-3105284 1 658.421 GAN 33951 01/22/2026 01/12/2026 01/12/2026   Books Faculty Purchase by Dr. Abhishekh N. Singh
Designed & Maintained by: LRC IMT Nagpur Contact: lrc@imtnag.ac.in© 2024. All Rights Reserved.